[Event "ICS rated blitz match"]
[Site "207.99.83.227"]
[Date "1999.04.22"]
[Round "?"]
[White "brutus"]
[Black "Hossa"]
[Result "0-1"]
[WhiteElo "2067"]
[BlackElo "2427"]
[PlyCount "128"]

1. e4 c5 2. Nf3 Nc6 3. d4 cxd4 4. Nxd4 e5 5. Nf3 Nf6 6. Nc3 Bb4 7. Bg5 O-O 8.
Bc4 d6 9. O-O Bxc3 10. bxc3 Be6 11. Bb3 h6 12. Bh4 Qe7 13. Qd3 Rad8 14. Rad1
Kh8 15. Rfe1 Rfe8 16. h3 Rg8 17. Kh2 Rgf8 18. Qe3 Kg8 19. Rd3 Rd7 20. Qd2 Rfd8
21. g4 Kh8 22. g5 hxg5 23. Qxg5 Rg8 24. Rg1 Qf8 25. Nd2 Qe8 26. Rdg3 a6 27. Nf3
b5 28. Qe3 Nh5 29. Rg5 Nf4 30. Qxf4 f6 31. Qe3 fxg5 32. Nxg5 Bxb3 33. axb3 Qh5
34. Qg3 Rf8 35. Ne6 Rff7 36. Bg5 Rf3 37. Qg2 Qf7 38. Qg4 Rxf2+ 39. Kh1 Qf3+ 40.
Qxf3 Rxf3 41. Kg2 Rxc3 42. Nf8 Rxc2+ 43. Kg3 Rf7 44. Ng6+ Kh7 45. Nh4 Rc3+ 46.
Kg4 Rxb3 47. Nf5 Rd3 48. h4 a5 49. h5 Rf8 50. Bc1 Nd4 51. Nxd4 Rxd4 52. Re1 d5
53. Kg3 Rxe4 54. Rxe4 dxe4 55. Be3 Rf3+ 56. Kg2 Rxe3 57. Kf2 Rf3+ 58. Ke2 Kh6
59. Kd2 Rd3+ 60. Ke2 b4 61. Ke1 b3 62. Ke2 b2 63. Kf2 b1=Q 64. Ke2 64... Qc2+ {
brutus resigns} 0-1

[Event "ICS rated blitz match"]
[Site "207.99.83.227"]
[Date "1999.04.22"]
[Round "?"]
[White "Hossa"]
[Black "lunarlander"]
[Result "1-0"]
[WhiteElo "2431"]
[BlackElo "2096"]
[PlyCount "127"]

1. e4 c6 2. Nf3 d5 3. exd5 cxd5 4. d4 Nf6 5. Bf4 Bg4 6. Bb5+ Nbd7 7. Nbd2 a6 8.
Bxd7+ Nxd7 9. O-O e6 10. c3 Be7 11. Qb3 Bxf3 12. Nxf3 Qc8 13. Rac1 O-O 14. c4
dxc4 15. Rxc4 Qe8 16. Qxb7 Nf6 17. Ne5 Nd5 18. Nc6 Nxf4 19. Qxe7 Qxe7 20. Nxe7+
Kh8 21. g3 Nd5 22. Nxd5 exd5 23. Rc7 Rab8 24. b3 Rb4 25. Rd1 a5 26. Ra7 a4 27.
Rxa4 Rxa4 28. bxa4 Ra8 29. Rb1 g6 30. Rb4 Kg7 31. a3 h5 32. h4 Ra7 33. Kg2 Kf6
34. Kf1 Kf5 35. f3 f6 36. Kg2 g5 37. hxg5 fxg5 38. Kg1 Ra5 39. Kf2 Ra7 40. Kg2
Ra5 41. Kg1 Ra7 42. Kf2 Ra5 43. Ke1 Ra6 44. Ke2 Ra5 45. Rb5 Rxa4 46. Rxd5+ Kf6
47. f4 gxf4 48. gxf4 h4 49. Kf3 Rxa3+ 50. Kg4 h3 51. Rf5+ Kg6 52. Rb5 h2 53.
f5+ Kf7 54. Rb7+ Kf6 55. Rh7 Rd3 56. Rh6+ Kf7 57. Rxh2 Rxd4+ 58. Kg5 Rd1 59.
Rh7+ Kg8 60. Rc7 Rd5 61. Kg6 Kf8 62. f6 Rd8 63. Rh7 Kg8 64. f7+ {
lunarlander resigns} 1-0

[Event "ICS rated blitz match"]
[Site "207.99.83.227"]
[Date "1999.04.22"]
[Round "?"]
[White "lunarlander"]
[Black "Hossa"]
[Result "1/2-1/2"]
[WhiteElo "2092"]
[BlackElo "2435"]
[PlyCount "114"]

1. e4 d6 2. d4 Nf6 3. Nc3 g6 4. Nf3 Bg7 5. Be2 O-O 6. O-O Nc6 7. h3 e5 8. Be3
exd4 9. Nxd4 Bd7 10. Re1 Re8 11. Nxc6 Bxc6 12. Bd4 Bxe4 13. Nxe4 Rxe4 14. Bf3
Rxe1+ 15. Qxe1 c5 16. Bxf6 Bxf6 17. c3 Qb6 18. Qd2 Re8 19. Rd1 Qa6 20. b3 Qa5
21. c4 Qxd2 22. Rxd2 Re1+ 23. Kh2 Bc3 24. Re2 Be5+ 25. g3 Rxe2 26. Bxe2 Bd4 27.
Kg2 b6 28. Bf3 f5 29. Bd5+ Kf8 30. f3 a5 31. g4 f4 32. a4 g5 33. Kf1 Ke7 34.
Ke2 Kf6 35. Kd3 Ke5 36. Bc6 Bb2 37. Bd5 h6 38. Bc6 Bd4 39. Be4 Bf2 40. Bb7 Be1
41. Ba8 Bb4 42. Bb7 Ba3 43. Be4 Bc1 44. Bd5 Ba3 45. Kc3 Bb4+ 46. Kd3 Kf6 47.
Bg8 Ke7 48. Ke4 Bc3 49. Kf5 Bg7 50. Kg6 Bd4 51. Bd5 Be3 52. Kf5 Bd2 53. Be4 Kf7
54. Bd5+ Ke7 55. Kg6 Be3 56. Kf5 Bd2 57. Kg6 57... Be3 {
Game drawn by repetition} 1/2-1/2

[Event "ICS rated bullet match"]
[Site "207.99.83.227"]
[Date "1999.04.22"]
[Round "?"]
[White "TDChess"]
[Black "Hossa"]
[Result "0-1"]
[WhiteElo "2492"]
[BlackElo "2439"]
[PlyCount "150"]

1. d4 e6 2. Nf3 Nf6 3. e3 d5 4. c4 Bd6 5. c5 Be7 6. Qb3 O-O 7. Be2 b6 8. cxb6
cxb6 9. O-O Ba6 10. Nc3 Bxe2 11. Nxe2 Nc6 12. Bd2 Qe8 13. Rfd1 Ne4 14. Be1 Rc8
15. Rac1 f6 16. Nf4 Bd6 17. Kf1 g5 18. Nxd5 exd5 19. Qxd5+ Kh8 20. Kg1 Bb8 21.
Qf5 Nd6 22. Qd3 Qh5 23. a4 g4 24. Nd2 Nf5 25. Nf1 Bd6 26. Qb5 Nce7 27. Qa6 Bb8
28. Bb4 Rce8 29. Qb7 Rf7 30. e4 Ng7 31. Ng3 Qg6 32. Re1 Bf4 33. Rc2 Ng8 34. Qd5
Bc7 35. b3 Rd8 36. Qc4 Bf4 37. Qd3 Ne7 38. Bd2 Be5 39. Rc4 Ne6 40. Bc3 Rd7 41.
Kh1 Bd6 42. Bb2 Nf4 43. Qe3 Rd8 44. Rd1 Re8 45. d5 Rg7 46. Kg1 Qg5 47. Qc3 Rf8
48. Qc2 Qh4 49. Qc1 Rfg8 50. Qe3 Re8 51. Qd2 a6 52. Rc2 Rg6 53. Bd4 Rh6 54.
Bxf6+ Rxf6 55. Qd4 Qg5 56. Qa1 Ref8 57. a5 Be5 58. Qa3 Neg6 59. d6 b5 60. Nf5
Ne6 61. Qc1 Qh5 62. Ng3 Qh4 63. Qe3 Nd8 64. Qb6 Nf7 65. Qxa6 Nxd6 66. Qa7 Nf4
67. Qc5 Re8 68. Rcd2 Rh6 69. h3 gxh3 70. Rxd6 Bxd6 71. Rxd6 Rxd6 72. Qxd6 hxg2
73. Qd4+ Kg8 74. Qg7+ Kxg7 75. Nf5+ 75... Kf6 {TDChess resigns} 0-1

[Event "ICS rated blitz match"]
[Site "207.99.83.227"]
[Date "1999.04.22"]
[Round "?"]
[White "Happychess"]
[Black "Hossa"]
[Result "0-1"]
[WhiteElo "2653"]
[BlackElo "2427"]
[PlyCount "88"]

1. d4 Nf6 2. c4 e6 3. Nc3 Bb4 4. e3 Ne4 5. Bd2 Nxd2 6. Qxd2 d5 7. Nf3 Nd7 8. a3
Bxc3 9. Qxc3 O-O 10. Bd3 Nf6 11. Rc1 Bd7 12. Ne5 Rc8 13. O-O dxc4 14. Qxc4 a6
15. Qb4 Rb8 16. Qc3 Rc8 17. Qb3 Rb8 18. Rfd1 Qe8 19. Qc2 Rc8 20. e4 Ba4 21. b3
Bb5 22. Bxb5 Qxb5 23. b4 c6 24. Rb1 Rcd8 25. Rd2 Nd7 26. a4 Qb6 27. Nc4 Qc7 28.
Re1 Qf4 29. e5 b5 30. Re4 Qg5 31. Nd6 Nb6 32. f4 Qg6 33. Qxc6 Nd5 34. Re1 Nxb4
35. Qf3 bxa4 36. Ra1 Nd5 37. Rxa4 Rb8 38. Ra1 Rb1+ 39. Rxb1 Qxb1+ 40. Rd1 Qc2
41. Re1 Qd2 42. Ra1 Qxd4+ 43. Kh1 Qxa1+ 44. Qf1 44... Qxf1# {
Happychess checkmated} 0-1

[Event "ICS rated blitz match"]
[Site "207.99.83.227"]
[Date "1999.04.22"]
[Round "?"]
[White "Hossa"]
[Black "Happychess"]
[Result "0-1"]
[WhiteElo "2452"]
[BlackElo "2628"]
[Annotator "Crafty v16.6"]
[PlyCount "83"]

{annotating for player Hossa using a scoring margin of +0.10 pawns. search
time limit is 10.00} 1. e4 1... c5 2. Bc4 e6 3. Nc3 Nf6 4. e5 d5 5. exf6 dxc4
6. fxg7 Bxg7 7. Nf3 ({8:+0.06} 7. Nf3 7... Nc6 8. O-O e5 9. Re1 Bf5 10. b3
10... e4 $10) ({8:+0.23} 7. Qe2 7... Qg5 8. Nf3 Qg4 9. O-O Nc6 10. d3 10... Na5
$10) 7... Nc6 8. O-O Rg8 9. Re1 Nd4 10. Ne4 e5 11. Nxd4 cxd4 12. f4 ({8:+1.11} 
12. f4 12... Qd5 13. fxe5 Kd8 14. Qh5 Bxe5 15. Qxh7 15... Rg4 $16) ({8:+1.27} 
12. Qh5 12... Rh8 13. d3 cxd3 14. cxd3 Be6 15. Bh6 Bxh6 16. Qxh6 16... Qd5 $16)
12... h5 13. fxe5 Bg4 14. Nd6+ Kd7 15. Re2 Qc7 16. Nxf7 Rae8 17. Qf1 Bxe2 18.
Qxe2 Bxe5 19. Nxe5+ Qxe5 20. Qxe5 Rxe5 21. b4 Re2 22. g3 Rf8 23. Bb2 Rxd2 24.
b5 c3 25. Ba3 Rf5 26. b6 axb6 27. Re1 Rxc2 28. Re4 Rd2 29. Re7+ Kc6 30. Re4
Rxa2 31. Bc1 d3 32. Re6+ Kd5 33. Rxb6 Ra1 34. Kg2 Rxc1 35. Rb5+ Ke4 36. Rb4+
Ke3 37. Rxb7 Rd5 38. Re7+ Kd4 39. g4 d2 40. Rb7 d1=Q 41. Rb4+ Ke3 42. Kg3 0-1

[Event "ICS rated blitz match"]
[Site "207.99.83.227"]
[Date "1999.04.22"]
[Round "?"]
[White "Hossa"]
[Black "Volovka"]
[Result "0-1"]
[WhiteElo "2443"]
[BlackElo "2295"]
[Annotator "Crafty v16.6"]
[PlyCount "109"]

{annotating for player Hossa using a scoring margin of +0.10 pawns. search
time limit is 10.00} 1. e4 1... e5 2. Nf3 Nc6 3. Bb5 g6 4. O-O Bg7 5. d3 Nge7
6. Bg5 h6 7. Bh4 d6 8. Nc3 Bd7 9. Nd2 ({7:-0.30} 9. Nd2 9... g5 10. Bg3 Nd4 11.
Bc4 c5 12. Qh5 $10) ({7:+0.04} 9. Ba4 9... f5 10. exf5 Bxf5 11. Re1 g5 12. Bg3
12... Rf8 $10) 9... g5 10. Bg3 O-O 11. Qh5 ({8:-0.18} 11. Qh5 11... Nd4 12.
Bxd7 Qxd7 13. Nb3 Nxc2 14. Rac1 Nb4 15. Rfd1 $10) ({8:+0.14} 11. Nd5 11... Nxd5
12. exd5 Ne7 13. Bxd7 Qxd7 14. c4 Qf5 15. Ne4 15... Rad8 $10) 11... Nd4 12.
Bxd7 Qxd7 13. Rac1 f5 14. Qh3 Rad8 15. f3 c6 16. Bf2 Ng6 17. Be3 f4 18. Qxd7
Rxd7 19. Bxd4 exd4 20. Ne2 d5 21. Nb3 dxe4 22. fxe4 b6 23. Rcd1 c5 24. Kh1 Ne5
25. Nd2 Ng4 26. Rc1 Ne3 27. Rf2 Re8 28. Nb3 Be5 29. Na1 Kg7 30. Rg1 Rf8 31. h3
h5 32. Nc1 g4 33. Nab3 Rdf7 34. Nd2 Kh6 35. hxg4 hxg4 36. Ncb3 Kg6 37. Re1 Rh7+
38. Kg1 Rfh8 39. Rxf4 Bxf4 40. Kf2 Rf7 41. Rc1 Be5+ 42. Ke2 Rh2 43. Rg1 Rxg2+
44. Rxg2 Nxg2 45. Nc4 Bg3 46. Nbd2 Rf2+ 47. Kd1 Ne3+ 48. Kc1 Nxc4 49. Nxc4 Bf4+
50. Kd1 g3 51. Ke1 Rxc2 52. a4 g2 53. Ne5+ Bxe5 54. Kd1 Rxb2 55. Kc1 0-1

[Event "ICS rated blitz match"]
[Site "207.99.83.227"]
[Date "1999.04.22"]
[Round "?"]
[White "Hossa"]
[Black "iccjunkie"]
[Result "1-0"]
[WhiteElo "2445"]
[BlackElo "2379"]
[PlyCount "119"]

1. e4 e6 2. Nf3 d5 3. exd5 exd5 4. Bb5+ c6 5. Be2 Nf6 6. O-O Be7 7. d4 O-O 8.
Re1 Bg4 9. Nbd2 Nbd7 10. Bd3 Bh5 11. Nf1 Bg6 12. Bf4 Re8 13. Bxg6 hxg6 14. Ng3
Nf8 15. Qd2 Bd6 16. Rxe8 Nxe8 17. Re1 Qc7 18. Be5 f6 19. Bxd6 Nxd6 20. Qf4 Rc8
21. Ne2 Ne4 22. Qg4 Qd7 23. Qxd7 Nxd7 24. h4 Kf7 25. a4 a5 26. Nf4 Nd6 27. b3
Re8 28. Rxe8 Nxe8 29. Kf1 Nc7 30. Nd3 Ne6 31. c4 dxc4 32. bxc4 Nb6 33. Nb2 Nc8
34. g4 Nd6 35. c5 Nc8 36. Nc4 g5 37. hxg5 Nxg5 38. Nxg5+ fxg5 39. Nxa5 Ke6 40.
Nxb7 Kd5 41. f3 Kxd4 42. Ke2 Kc3 43. Nd6 Na7 44. Nf5 Kb4 45. Nxg7 Kxc5 46. Ne6+
Kb4 47. Nxg5 Kxa4 48. f4 c5 49. f5 Nc6 50. Ne6 c4 51. f6 Ne5 52. g5 Kb3 53.
Nd4+ Kb2 54. Kd1 c3 55. Ke2 Ng6 56. Ke3 c2 57. Nxc2 Kxc2 58. Ke4 Kc3 59. f7 Kc4
60. Kf5 {iccjunkie resigns} 1-0

[Event "ICS rated blitz match"]
[Site "207.99.83.227"]
[Date "1999.04.22"]
[Round "?"]
[White "iccjunkie"]
[Black "Hossa"]
[Result "0-1"]
[WhiteElo "2366"]
[BlackElo "2458"]
[PlyCount "64"]

1. e4 e5 2. Nf3 Nc6 3. Bc4 Nf6 4. d3 Be7 5. Nc3 d6 6. h3 Na5 7. O-O Nxc4 8.
dxc4 Be6 9. Qe2 O-O 10. Rd1 Nd7 11. b3 f5 12. Nd5 fxe4 13. Qxe4 Nc5 14. Qe2 Bf6
15. Be3 Bxd5 16. cxd5 e4 17. Nd4 Qe7 18. b4 Na4 19. Qc4 Nb2 20. Qb5 Nxd1 21.
Rxd1 Bxd4 22. Rxd4 b6 23. Qc4 Rfe8 24. a4 Kh8 25. Qc6 a5 26. b5 Rf8 27. Qc4
Rae8 28. Kf1 Rf7 29. Ke1 Qh4 30. Kd1 Rxf2 31. Bxf2 Qxf2 32. Rd2 32... Qg1+ {
iccjunkie resigns} 0-1

[Event "ICS rated blitz match"]
[Site "207.99.83.227"]
[Date "1999.04.22"]
[Round "?"]
[White "iccjunkie"]
[Black "Hossa"]
[Result "1-0"]
[WhiteElo "2350"]
[BlackElo "2470"]
[Annotator "Crafty v16.6"]
[PlyCount "127"]

{annotating for player Hossa using a scoring margin of +0.10 pawns. search
time limit is 10.00} 1. d4 1... Nf6 2. Nf3 e6 3. Bf4 Be7 4. Nbd2 Nh5 5. Be5 d6
6. Bg3 Nxg3 ({8:+0.10} 6... Nxg3 7. hxg3 c5 8. dxc5 dxc5 9. c3 h6 10. Qc2 Qd5
11. Qe4 $10) ({8:+0.47} 6... O-O 7. Nb3 c5 8. Qd3 cxd4 9. Nbxd4 Qa5+ 10. c3 Qc5
11. Bh4 Bxh4 12. Nxh4 $15) 7. hxg3 Nd7 ({8:-0.16} 7... Nd7 8. Nb3 Bg5 9. Nxg5
Qxg5 10. Qd3 Nf6 11. Qc4 11... Nd5 $10) ({8:+0.11} 7... c5 8. Nb3 Qc7 9. Qd3 c4
10. Qc3 Na6 11. Na5 $10) 8. e3 c5 9. c3 Qa5 ({8:+0.08} 9... Qa5 10. Nb3 Qc7 11.
dxc5 dxc5 12. Qc2 h6 13. O-O-O 13... O-O $10) ({8:+0.32} 9... cxd4 10. Nxd4 O-O
11. Bd3 g6 12. c4 e5 13. Nb5 13... Nc5 $15) 10. Bd3 cxd4 11. exd4 Nf6 12. Ne4
Nxe4 13. Bxe4 f5 14. Bd3 O-O 15. Qe2 Qd5 16. Bc4 Qe4 17. O-O-O Qxe2 18. Bxe2
Bd7 19. Bc4 b5 20. Bb3 Rfe8 21. Rde1 Bf6 22. Re2 b4 23. cxb4 Rab8 24. Rhe1 d5
25. Rc2 Rxb4 26. Rc7 Rd8 27. Rxa7 Rxd4 28. Nxd4 Bxd4 29. Rxd7 Rxd7 30. Rxe6
Bxf2 31. Re5 Rc7+ 32. Kd1 g6 33. Rxd5 Kg7 34. Rd3 Re7 35. Bd5 Rd7 36. b4 Bxg3
37. Rxg3 Rxd5+ 38. Kc2 f4 39. Rd3 Rg5 40. Rd2 Rg3 41. a4 Rg4 42. Kb3 Rg3+ 43.
Kc4 Rg4 44. Kc5 Kf8 45. a5 Rg5+ 46. Kc6 Rg3 47. b5 Rc3+ 48. Kb7 Rc5 49. Kb6 Rc8
50. a6 Rb8+ 51. Ka5 h5 52. a7 Ra8 53. b6 f3 54. gxf3 Kg7 55. Ka6 Re8 56. b7
Re6+ 57. Kb5 Re1 58. b8=Q Rb1+ 59. Kc6 Rxb8 60. axb8=Q h4 61. Rd7+ Kh6 62. Qf4+
g5 63. Qf6+ Kh5 64. Rh7# 1-0

[Event "ICS rated blitz match"]
[Site "207.99.83.227"]
[Date "1999.04.22"]
[Round "?"]
[White "Hossa"]
[Black "MahyarBest"]
[Result "1-0"]
[WhiteElo "2449"]
[BlackElo "2125"]
[PlyCount "67"]

1. d4 d5 2. e3 Nc6 3. Nf3 Bf5 4. Bd3 Bxd3 5. cxd3 Nf6 6. Qb3 Rb8 7. Qa4 a6 8.
Ne5 Qd6 9. Nxc6 Qxc6 10. Qxc6+ bxc6 11. b3 e6 12. Ba3 Bd6 13. O-O O-O 14. Rc1
Rb6 15. Bc5 Bxc5 16. Rxc5 Nd7 17. Rc2 Rb5 18. Rxc6 Rb6 19. Rxc7 Nf6 20. Nc3 Ne8
21. Ra7 Nd6 22. Na4 Rc6 23. Nc5 Rfc8 24. Rxa6 Rxa6 25. Nxa6 Rc2 26. Nc5 Nb5 27.
a4 Nc3 28. b4 Rb2 29. b5 Rb4 30. h4 Ne2+ 31. Kf1 Nc3 32. Rc1 Nxa4 33. Na6 Nb6
34. Nxb4 {MahyarBest resigns} 1-0

[Event "ICS Rated bullet match"]
[Site "207.99.83.227"]
[Date "1999.04.22"]
[Round "?"]
[White "Hossa"]
[Black "TDChess"]
[Result "0-1"]
[WhiteElo "2457"]
[BlackElo "2510"]
[Annotator "Crafty v16.6"]
[PlyCount "182"]

{annotating for player Hossa using a scoring margin of +0.10 pawns. search
time limit is 10.00} 1. e4 1... e6 2. d3 d5 3. Nd2 ({8:-0.10} 3. Nd2 3... d4 4.
Ngf3 Nf6 5. c3 Nc6 6. Nb3 dxc3 7. bxc3 $10) ({8:+0.05} 3. exd5 3... exd5 4. Nf3
Nf6 5. Bg5 Bb4+ 6. c3 Bc5 7. Qe2+ Kf8 8. Qe5 $10) 3... Nc6 4. f4 ({8:-0.59} 4.
f4 4... Nf6 5. c4 dxe4 6. dxe4 Bb4 7. e5 Ne4 8. Ngf3 $15) ({8:-0.04} 4. Ngf3
4... Nf6 5. exd5 exd5 6. Be2 Bc5 7. O-O O-O 8. Re1 $10) 4... Nh6 5. Ngf3 Be7 6.
d4 Ng4 7. Bd3 dxe4 8. Bxe4 ({7:-0.62} 8. Bxe4 8... Nb4 9. Nc4 Nf6 10. Bd3 Nxd3+
11. Qxd3 O-O 12. Be3 $15) ({7:-0.49} 8. Nxe4 8... O-O 9. Neg5 Nf6 10. Be3 Qd5
11. Qe2 $15) 8... Nxd4 9. Nxd4 Qxd4 10. Qxg4 f5 11. Qh5+ g6 12. Qe2 fxe4 13.
Qxe4 Qxe4+ 14. Nxe4 Bd7 15. O-O Bc6 16. Ng5 Bb5 17. Nxe6 Bxf1 18. Nxc7+ Kd7 19.
Nxa8 Bc4 20. b3 Bf6 21. Rb1 Bd4+ 22. Kh1 Be2 23. Bb2 Bxb2 24. Rxb2 Rxa8 25. c4
Bg4 26. h3 Be6 27. Kh2 h5 28. Kg3 Ke7 29. Re2 Rf8 30. h4 Rd8 31. Re3 a5 32. Re5
b6 33. c5 bxc5 34. Rxc5 Rd3+ 35. Kh2 Rd5 36. Rc7+ Kd6 37. Ra7 Rf5 38. Ra6+ Ke7
39. Kg3 Rc5 40. Ra7+ Bd7 41. Ra6 Bf5 42. Ra7+ Kd8 43. Kh2 Rd5 44. a3 Rb5 45. a4
Rd5 46. Ra8+ Kc7 47. Ra7+ Kb8 48. Re7 Rd4 49. Re5 Rxf4 50. g3 Rf2+ 51. Kh1 Rb2
52. Rb5+ Kc7 53. Kg1 Be4 54. Re5 Bc6 55. Rxa5 Rg2+ 56. Kf1 Rxg3 57. Ra7+ Bb7
58. Ra5 Rxb3 59. Rg5 Rf3+ 60. Ke2 Rf4 61. a5 Be4 62. Rc5+ Kd6 63. Rc8 Bf5 64.
Rd8+ Kc7 65. Rg8 Rxh4 66. Rg7+ Kb8 67. a6 Ra4 68. Ke3 Rxa6 69. Kf4 h4 70. Kg5
h3 71. Rh7 Ra5 72. Rh8+ Kb7 73. Kf6 Ra4 74. Kg5 Rd4 75. Kf6 Ka7 76. Kg5 Rg4+
77. Kf6 Rc4 78. Kg5 Rd4 79. Kf6 Kb6 80. Kf7 Rd2 81. Rb8+ Kc5 82. Kf6 h2 83. Rh8
Be4 84. Rc8+ Kb6 85. Ke5 h1=Q 86. Rf8 Qa1+ 87. Kxe4 Re2+ 88. Kd5 Qd1+ 89. Kc4
Qc2+ 90. Kd4 Re4+ 91. Kd5 Qd3# 0-1

[Event "ICS Rated blitz match"]
[Site "207.99.83.227"]
[Date "1999.04.22"]
[Round "?"]
[White "rajah"]
[Black "Hossa"]
[Result "0-1"]
[WhiteElo "2446"]
[BlackElo "2449"]
[PlyCount "168"]

1. d4 Nf6 2. c4 e6 3. Nf3 d5 4. Nc3 Bb4 5. cxd5 Nxd5 6. Bd2 O-O 7. Nxd5 Bxd2+
8. Qxd2 exd5 9. e3 Bg4 10. Ne5 Bh5 11. g4 f6 12. Qb4 b6 13. gxh5 fxe5 14. dxe5
Qg5 15. Qd4 c6 16. Be2 Qg2 17. Rf1 Qxh2 18. Bg4 Re8 19. Qf4 Qxf4 20. exf4 a5
21. O-O-O Ra7 22. e6 Rf8 23. f5 Re7 24. Rh1 Rf6 25. Rhe1 Na6 26. Kb1 Nc7 27.
Re5 c5 28. f4 d4 29. Be2 Kf8 30. Rg1 a4 31. Rg3 Ne8 32. Ra3 Ra7 33. Bd1 Nd6 34.
Rxa4 Rxa4 35. e7+ Ke8 36. Bxa4+ b5 37. Bc2 c4 38. Be4 Nxe4 39. Rxe4 d3 40. Re5
Rh6 41. Kc1 Rxh5 42. a3 Rh1+ 43. Kd2 Rh2+ 44. Kc1 Rc2+ 45. Kb1 Rf2 46. Kc1 Rxf4
47. Rxb5 Kxe7 48. a4 Rf1+ 49. Kd2 Rf2+ 50. Ke1 Re2+ 51. Kd1 Kf6 52. a5 h5 53.
a6 Rf2 54. a7 Rf1+ 55. Kd2 Ra1 56. Rc5 Rxa7 57. Rxc4 Kxf5 58. Kxd3 g5 59. Rc5+
Kg6 60. Rc6+ Kh7 61. Rc5 Kh6 62. Rc6+ Kg7 63. Rc5 Kf6 64. Rc6+ Ke5 65. b4 h4
66. Rc5+ Kf4 67. b5 g4 68. Rc4+ Kf3 69. b6 Rb7 70. Rc3 g3 71. Kd4+ Kf4 72. Kc5
g2 73. Rc4+ Kf5 74. Rc1 h3 75. Rg1 h2 76. Rxg2 h1=Q 77. Rf2+ Ke4 78. Rf6 Qc1+
79. Kb5 Qb2+ 80. Ka6 Qxf6 81. Kxb7 Kd5 82. Kc7 Qf7+ 83. Kd8 Kc6 84. Kc8 84...
Qf8# {rajah checkmated} 0-1

[Event "ICS Rated blitz match"]
[Site "207.99.83.227"]
[Date "1999.04.22"]
[Round "?"]
[White "Hossa"]
[Black "rajah"]
[Result "0-1"]
[WhiteElo "2465"]
[BlackElo "2430"]
[Annotator "Crafty v16.6"]
[PlyCount "103"]

{annotating for player Hossa using a scoring margin of +0.10 pawns. search
time limit is 10.00} 1. e4 1... c5 2. Nf3 d6 3. d4 cxd4 4. Nxd4 Nf6 5. Bd3 e5
6. Nf3 Be7 7. Nc3 O-O 8. O-O Nc6 9. Bg5 Qb6 10. Nb5 ({8:-0.10} 10. Nb5 10... a6
11. Be3 Qd8 12. Nc3 Ng4 13. Bd2 13... Be6 $10) ({8:+0.10} 10. Rb1 10... Qd8 11.
Bc4 Bg4 12. h3 Bh5 13. Qd3 13... Rc8 $10) 10... Nb4 11. Be2 Bd7 12. a4 a6 13.
Bxf6 gxf6 14. Nc3 Rac8 15. Bd3 Rc5 16. Ne1 Be6 17. Qh5 Nc6 18. Nd1 Re8 19. Kh1
Nd4 20. f4 exf4 21. e5 f5 22. a5 Qc6 23. exd6 Qxd6 24. b4 Re5 25. Qh3 Bf6 26.
c3 Nb3 27. Ra3 Rd8 28. Qh6 Bg7 29. Qg5 h6 30. Qh4 Nd2 31. Rg1 Rxe1 32. Rxe1
Qxd3 33. Qxf4 Nb1 34. Nb2 Qc2 35. Ra1 Bd5 36. Rg1 Qxb2 37. Raxb1 Bxg2+ 38. Rxg2
Qxb1+ 39. Rg1 Qe4+ 40. Qxe4 fxe4 41. Re1 Re8 42. c4 e3 43. Re2 Bc3 44. b5 axb5
45. cxb5 Bxa5 46. Kg2 Re5 47. Kf3 Bb6 48. Kf4 Rxb5 49. Rc2 f5 50. Rg2+ Kf7 51.
h3 Rb4+ 52. Kg3 0-1

[Event "ICS rated blitz match"]
[Site "207.99.83.227"]
[Date "1999.04.22"]
[Round "?"]
[White "Hossa"]
[Black "rajah"]
[Result "0-1"]
[WhiteElo "2463"]
[BlackElo "2432"]
[Annotator "Crafty v16.6"]
[PlyCount "107"]

{annotating for player Hossa using a scoring margin of +0.10 pawns. search
time limit is 10.00} 1. e4 1... Nf6 2. e5 Nd5 3. d4 ({8:-0.38} 3. d4 3... e6 4.
Nf3 Be7 5. c4 Nb4 6. a3 6... N4c6 $15) ({8:-0.06} 3. Nf3 3... e6 4. Nc3 Nb6 5.
Be2 Bc5 6. Ne4 6... Bb4 $10) 3... d6 4. Nf3 Bg4 5. Bb5+ c6 6. Bc4 ({7:+0.10} 6.
Bc4 6... Qa5+ 7. Nbd2 dxe5 8. dxe5 Nd7 9. O-O Nxe5 10. Qe2 $10) ({7:+0.32} 6.
Be2 6... Bxf3 7. Bxf3 dxe5 8. dxe5 Nd7 9. c4 N5b6 10. Qd4 $14) 6... dxe5 7.
dxe5 Nd7 8. Bxd5 Qa5+ 9. c3 ({8:-0.39} 9. c3 9... cxd5 10. Qd4 Bxf3 11. gxf3 e6
12. Bg5 Qb6 13. Qxb6 13... Nxb6 $15) ({8:-0.17} 9. Nc3 9... cxd5 10. Qd4 Bxf3
11. gxf3 e6 12. Bf4 Bb4 13. Bd2 $10) 9... cxd5 10. Bf4 Qb5 11. b3 ({7:-1.13} 
11. b3 11... Nc5 12. c4 dxc4 13. O-O cxb3 14. Nc3 $17) ({7:-0.79} 11. Qe2 11...
Qxe2+ 12. Kxe2 e6 13. Nbd2 Bc5 14. Be3 O-O 15. Bxc5 15... Nxc5 $17) 11... Nc5
12. Nd4 Nd3+ 13. Kf1 Bxd1 14. Nxb5 O-O-O 15. Nxa7+ Kb8 16. Be3 Nxe5 17. Nb5 Bg4
18. a4 g6 19. Bd4 f6 20. Ba7+ Kc8 21. Bb6 Rd7 22. f3 Bf5 23. Rg1 Bh6 24. Na7+
Kb8 25. Nb5 Bc2 26. Nd4 Bd3+ 27. Kf2 Rc8 28. Ba5 Ba6 29. Kg3 Nd3 30. Rd1 Bf4+
31. Kh4 Bxh2 32. Rh1 Be5 33. Ra2 Bxd4 34. cxd4 e5 35. Bb6 e4 36. fxe4 dxe4 37.
g4 f5 38. gxf5 gxf5 39. Kh5 Rg8 40. Rf1 Nb4 41. Rff2 e3 42. Rg2 Re8 43. Ba5
Nxa2 44. Rxa2 Rxd4 45. Rh2 f4 46. Bc3 e2 47. Rh1 Rd1 48. Re1 f3 49. Bd2 f2 50.
Na3 Rxd2 51. Rh1 f1=Q 52. Rxf1 exf1=Q 53. Kg4 Qg1+ 54. Kh5 0-1

[Event "ICS Rated blitz match"]
[Site "207.99.83.227"]
[Date "1999.04.22"]
[Round "?"]
[White "rajah"]
[Black "Hossa"]
[Result "1-0"]
[WhiteElo "2449"]
[BlackElo "2446"]
[Annotator "Crafty v16.6"]
[PlyCount "171"]

{annotating for player Hossa using a scoring margin of +0.10 pawns. search
time limit is 10.00} 1. c4 1... e5 2. Nc3 Nf6 3. Nf3 Nc6 4. e4 Bc5 ({8:-0.57} 
4... Bc5 5. Be2 Nd4 6. O-O d6 7. Nxd4 exd4 8. Na4 Nxe4 9. Nxc5 9... Nxc5 $14) (
{8:-0.32} 4... Bb4 5. d3 a6 6. Bd2 Ng4 7. Ng5 d6 8. Nd5 $14) 5. Be2 d6 6. O-O
O-O ({8:-1.01} 6... O-O 7. d3 Bg4 8. Na4 Bb4 9. Ng5 Bxe2 10. Qxe2 10... a5 $16)
({8:-0.47} 6... Bg4 7. Qb3 Bxf3 8. Bxf3 Nd4 9. Qd1 Nxf3+ 10. Qxf3 Bd4 11. d3
11... Qd7 $14) 7. d3 Bg4 8. Bg5 Be6 ({8:-0.94} 8... Be6 9. Na4 Bg4 10. Nxc5
dxc5 11. Nh4 Bxe2 12. Qxe2 Nd4 13. Qe3 $16) ({8:-0.81} 8... h6 9. Bd2 Qd7 10.
Na4 Nd4 11. Nxc5 Nxe2+ 12. Qxe2 dxc5 13. h3 $16) 9. Nd5 Bxd5 10. cxd5 Nd4 11.
Nxd4 Bxd4 12. Rc1 Bxb2 13. Rb1 Bd4 14. Rxb7 Rb8 15. Bxf6 Qxf6 16. Rxc7 Rb2 17.
a4 Qh4 18. Qe1 f5 19. Bf3 fxe4 20. dxe4 Qg5 21. Qc1 Qh4 22. Rc2 Rbb8 23. Qd2
Rb7 24. Rfc1 Bc5 25. Qe2 Rf6 26. a5 Rh6 27. h3 Rf6 28. Rb2 Rbf7 29. Rcb1 Rf8
30. Rb8 Qg3 31. R1b3 Bd4 32. R8b4 Qh4 33. Rb7 Rg6 34. Kf1 Qd8 35. a6 Bb6 36. g3
Qg5 37. Kg2 Rh6 38. R3xb6 axb6 39. a7 Qd8 40. Rb8 Qxb8 41. axb8=Q Rxb8 42. Bg4
Rf6 43. f4 exf4 44. e5 dxe5 45. Qxe5 f3+ 46. Bxf3 Rbf8 47. Be2 Rd8 48. h4 Rfd6
49. Bf3 h6 50. Qe7 Kh8 51. g4 R6d7 52. Qb4 Rb7 53. g5 b5 54. gxh6 gxh6 55. Qc3+
Rg7+ 56. Kh1 Rf8 57. Qe3 Rf6 58. d6 Rg3 59. Qe8+ Rg8 60. d7 Rxf3 61. Qe5+ Kh7
62. Qe4+ Kg7 63. Qg4+ Kh8 64. Qxf3 Kh7 65. Qf7+ Kh8 66. Qxg8+ Kxg8 67. d8=Q+
Kg7 68. Qd7+ Kf6 69. Qxb5 Ke7 70. Qe5+ Kd7 71. Qg7+ Kc6 72. Qxh6+ Kd5 73. h5
Ke5 74. Qd6+ Kxd6 75. h6 Ke6 76. h7 Kf6 77. h8=Q+ Ke7 78. Kg2 Kd7 79. Kf3 Ke7
80. Ke4 Kd6 81. Qc3 Ke6 82. Qe5+ Kf7 83. Kf5 Kg8 84. Qe7 Kh8 85. Kf6 Kg8 86.
Qg7# 1-0